Halálozás
Správa o smrti vdovy Mórné Moskovics v Zbudskom Dlhom 9. októbra 1912. Pohreb sa uskutočnil [11.10.1912] v Zbudskom Dlhom. V menovanej stráca matku Dr. Ervin Moskovics advokát Humenného a Herman Moskovics veľkoobchodník a nájomca zo Zbudského Dlhého.
| Médium: | Článok |
|---|---|
| Jazyk: | Hungarian |
| Témy: | |
| Zdroj: |
1. Felvidéki Hirlap 1. Roč. 5, č. 39 (13.10.1912) s. 2 |
| LEADER | 00986nab#a2200313#ar4500 | ||
|---|---|---|---|
| 001 | 000074065 | ||
| 003 | SVKKK | ||
| 005 | 20040604xxxxxxx. | ||
| 008 | 06 c xo huno | ||
| FMT | |||
| 038 | |a SVKKK | ||
| 040 | |a SVKKK |b slo |e AACR2 | ||
| 041 | 0 | |a hun | |
| 044 | |a xo |c SK | ||
| 080 | |a 393 | ||
| 242 | 1 | 0 | |a Úmrtie |
| 245 | 0 | 0 | |a Halálozás |
| 500 | |a mikrofilm | ||
| 520 | 2 | |a Správa o smrti vdovy Mórné Moskovics v Zbudskom Dlhom 9. októbra 1912. Pohreb sa uskutočnil [11.10.1912] v Zbudskom Dlhom. V menovanej stráca matku Dr. Ervin Moskovics advokát Humenného a Herman Moskovics veľkoobchodník a nájomca zo Zbudského Dlhého. | |
| 650 | 0 | 4 | |a úmrtie - Moskovics, Mórné (vdova) - Zbudské Dlhé (HN) - 9.10.1912 - správy |
| 773 | 0 | |t Felvidéki Hirlap |g Roč. 5, č. 39 (13.10.1912) s. 2 | |
| 957 | |a Humenné | ||
| 957 | |a Zbudské Dlhé | ||
| 958 | |a DG | ||
| 958 | |a SK | ||
| 974 | |a Ba |d 20040604 | ||
| 992 | |a RBX | ||
| BAS | |||
| 998 | |a RETRO | ||